000 00669nam a22002057a 4500
003 OSt
005 20231026175338.0
008 221021b |||||||| |||| 00| 0 eng d
040 _cBiblioteca LadoV
082 _a700
_bP964e
100 _9769
_aPérez, Nora
_eautor
245 _a¿Esta seguro de estar seguro?/
260 _aGuatamala
_bEmpresa electronica
_c1996
300 _a20p.
650 _2Tesauro de Arte & Arquitectura
_aGUATEMALA
650 _2Tesauro de Arte & Arquitectura
_aARTE
650 _2Tesauro de Arte & Arquitectura
_aREFERENCIA
650 _2Tesauro de Arte & Arquitectura
_aINFORMATIVO
942 _2ddc
_c1
_h700
_iP964e
_n0
999 _c4495
_d4495